000 01026nam a22002057a 4500
999 _c121208
_d121208
001 K12128
008 160218b2019 xxu||||| |||| 00| 0 eng d
041 _aeng
110 _aEU Technical Expert Group on Sustainable Finance
245 _aFinancing a sustainable European economy
_bTaxonomy technical report
300 _a414p
520 _aSets out the results of work undertaken by the Technical Expert Group on Sustainable Finance in relation to the development of an EU classification scheme for environmentally sustainable economic activities known as a taxonomy. Explains reasons behind taxonomy, methodology, construction and case studies illustrating its usage.
650 _aTaxonomy
650 _aSustainable finance
650 _aValuetheplanet
651 _aEurope
690 _96271
_aSustainability
856 _uhttps://ec.europa.eu/info/sites/info/files/business_economy_euro/banking_and_finance/documents/190618-sustainable-finance-teg-report-taxonomy_en.pdf
_zView at ec.euope.eu
942 _n0